[Event "It (open)"]
[Site "Bunratty (Ireland)"]
[Date "2006.02.19"]
[Round "5"]
[White "Baburin Alexander (IRL)"]
[Black "Nunn John D M (ENG)"]
[Result "1-0"]
[WhiteElo "2541"]
[BlackElo "2602"]

{ Baburin Alexander (IRL) +3 =6 -1 Nunn John D M (ENG) +0 =25 -4 Baburin
Alexander (IRL)-Nunn John D M (ENG) +1 =1 -0 } 1.d4 Nf6 2.c4 g6 3.Nf3 Bg7 4.g3
c6 5.Nc3 d5 6.cxd5 cxd5 7.Ne5 O-O 8.Bg2 e6 9.O-O Nfd7 10.f4 Nc6 { ?/= } (
10...f6 11.Nd3 ( 11.Nf3 Nc6 12.b3 Qa5 13.Bd2 f5 14.e3 Qd8 15.Ne5 Ndxe5 16.dxe5
b6 17.Bc1 Ba6 18.Rf2 Rc8 19.Ba3 Nxe5 20.Nxd5 Nc6 21.Rc1 Qe8 22.Rxc6 { 1-0,
Baburin Alexander 2570 - Nunn John D M 2620 , Kilkenny 1997 It (open) } )
11...Nc6 12.e3 f5 13.Kh1 Nf6 14.b3 Ne4 15.Nxe4 dxe4 16.Ne5 Nxe5 17.dxe5 Qa5
18.Qd2 Qxd2 19.Bxd2 Rd8 20.Rfd1 Bf8 21.Bf1 Bd7 22.Bc3 Bc6 23.Bd4 Ba3 24.Kg1
Bd5 25.Rd2 Rdc8 26.Rad1 Bb4 27.Rg2 a6 28.h3 Rc7 29.g4 Kf8 30.gxf5 {
...1/2-1/2, Khalifman Alexander 2615 - Nunn John D M 2610 , Nuremberg 1990 It
(active) } ) 11.Kh1 ( 11.Be3 f6 12.Nf3 Nb6 ( 12...f5 13.Ne5 Nb6 14.b3 Bd7
15.Qd3 Nc8 16.Bc1 Nxe5 17.dxe5 Rf7 18.Be3 Bc6 19.Rfc1 Qa5 20.a3 a6 21.Bd4 Bf8
22.e3 Be8 23.Qd2 Qd8 24.Bf1 Rc7 25.Qb2 Rc6 26.Na4 Rxc1 27.Rxc1 Bc6 28.Nc5 Qe8
29.a4 a5 30.Qc3 Qf7 { ...1-0, Kasparov Garry 2815 - Topalov Veselin 2700 ,
Leon 1998 Match (man+computer) } ) 13.b3 f5 14.a4 Re8 15.Ne5 a5 16.Rc1 Bd7
17.Kh1 Rc8 18.Nb5 Bf8 19.Qd3 Qe7 20.Bd2 Qd8 21.Bf3 Nb4 22.Qb1 Bxb5 23.axb5
Rxc1 24.Rxc1 Nd7 25.g4 Nxe5 26.fxe5 f4 27.Bxf4 Qb6 28.Be3 Qxb5 29.h4 Qd7 30.h5
gxh5 { ...1/2-1/2, Baburin Alexander 2593 - Golod Vitali 2568 , London 1999
Mind Sports Olympiad } ) 11...Nb6 ( 11...f6 12.Nf3 f5 13.b3 Nf6 14.Ba3 Re8
15.Ne5 Bd7 16.Rc1 Rc8 17.Na4 Ne4 18.Nxd7 Qxd7 19.e3 Qf7 20.Qe2 Bf8 21.Bxf8
Qxf8 22.Bxe4 dxe4 23.Nc5 b6 24.Nd7 Qe7 25.Ne5 Nxe5 26.fxe5 Rc7 27.Rc4 Rec8 {
1/2-1/2, Gelfand Boris 2701 - Leko Peter 2739 , Monaco 2001 It "Melody Amber"
(blindfold) } ) ( 11...f5 12.Nxc6 bxc6 { -0.33 CAP } ) 12.b3 Bd7 ( 12...f6
13.Nf3 Bd7 14.a4 a5 15.Ba3 Ne7 16.e4 Rc8 { 1/2-1/2, Gulko Boris F 2620 -
Dolmatov Sergey 2615 , Burgas 1995 It (cat.15) } ) 13.Ba3 Re8 { +0.52 CAP }
14.Rc1 { N } ( 14.e4 Ne7 ( 14...dxe4 15.Nxe4 Nd5 16.Qd2 Nxe5 17.fxe5 Bc6
18.Qf2 Qd7 19.Rac1 Bb5 20.Rfd1 Rac8 21.Nd6 Rxc1 22.Rxc1 Bf8 23.Bxd5 Bxd6
24.Bxd6 exd5 25.Rc7 Qe6 26.Rxb7 { 1-0, Brkljaca Ante 2366 - Pavlovic Dragoljub
2246 , Kladovo 1994 Ch Yugoslavia (open) } ) 15.Qe2 Bc6 16.Rfd1 dxe4 17.Nxe4
Bxe4 18.Bxe4 Nbd5 19.Qf3 Qa5 20.Nc4 Qc7 21.Rac1 Red8 22.Ne5 Nc6 23.Rc4 Rac8
24.Bc5 f6 25.Nxc6 bxc6 26.Re1 Kf7 27.Rc2 f5 28.Bd3 Rd7 29.Bc4 Re8 30.Rce2 Qd8
31.b4 Rb7 32.b5 Rxb5 33.Bxb5 cxb5 { ...1/2-1/2, Bunzmann Dimitrij 2370 - Appel
Ralf 2495 , Germany 1997 Bundesliga 1997/98 } ) ( 14.Bc5 Ne7 15.Qd3 f6 16.Nf3
Bc6 17.a4 a5 18.Rac1 Nd7 19.Ba3 Qb6 20.Nb5 Bxb5 21.axb5 Rac8 22.Nd2 Nf5
23.Rxc8 Rxc8 24.e4 Qxd4 25.Qxd4 Nxd4 26.exd5 Nxb5 27.dxe6 Nxa3 28.exd7 Rd8
29.Ra1 Rxd7 30.Rxa3 Rxd2 31.Bxb7 Rd7 32.Bc8 Ra7 33.b4 Bf8 { ...1-0, Manninen
Marko 2376 - Sammalvuo Tapani 2459 , Finland 1993 Ch Finland } ) 14...f6
15.Nf3 f5 { ?! } ( 15...Nc8 16.Qd2 Qa5 17.Nb1 Qxd2 { } ) 16.e3 Bf8 17.Bxf8
Rxf8 18.Ne5 Qe7 19.g4 fxg4 20.Qxg4 Rac8 21.Ne2 Nxe5 22.fxe5 Rxc1 23.Rxc1 Qb4 {
?! } ( 23...Qa3 24.Rc2 Rc8 25.Rxc8+ Bxc8 { } ) 24.Nf4 Qd2 25.Rg1 Rf7 26.Qg3
Qc2 27.Nh5 Bc8 { ? } ( 27...Qxa2 28.Nf6+ Kh8 29.e4 Qe2 { } ) 28.Qh4 Qf5 { ?! }
( 28...Nd7 29.Qd8+ Nf8 30.Nf6+ Kh8 { } ) 29.Nf6+ Kh8 30.e4 { } {#r} 1-0

[Event "Ch Armenia"]
[Site "Yerevan (Armenia)"]
[Date "2006.03.17"]
[Round "2"]
[White "Nalbandian Tigran (ARM)"]
[Black "Kotanjian Tigran (ARM)"]
[Result "1-0"]
[WhiteElo "2523"]
[BlackElo "2524"]

1.Nf3 c5 2.g3 Nc6 3.Bg2 g6 4.c3 Bg7 5.d4 cxd4 6.cxd4 d5 7.Nc3 e6 8.Bf4 Nge7
9.h4 f6 10.e4 dxe4 11.Nxe4 O-O 12.O-O Nd5 13.Bd2 h6 14.Nc3 Nde7 15.Re1 g5
16.h5 f5 17.Rc1 g4 18.Ne5 Qxd4 19.Nb5 Qb6 20.Nxc6 Nxc6 21.Nd6 Nd4 22.Nc4 Qb5
23.a4 Qd7 24.Ne5 Qd6 25.Bf4 Bd7 26.Rc4 {#r} 1-0

[Event "Ch Norway (open)"]
[Site "Oslo (Norway)"]
[Date "2006.04.08"]
[Round "1"]
[White "Brynell Stellan (SWE)"]
[Black "Nilsen Joachim B"]
[Result "1-0"]
[WhiteElo "2502"]
[BlackElo "2040"]

1.d4 Nf6 2.Nf3 g6 3.c4 Bg7 4.g3 c6 5.Bg2 d5 6.cxd5 cxd5 7.Nc3 Nc6 8.O-O O-O
9.Ne5 Bf5 10.Bf4 Ne4 11.Nxc6 bxc6 12.Na4 Rc8 13.Rc1 Nd6 14.b3 f6 15.Rxc6 Nb5
16.Rxc8 Bxc8 17.Qd2 Kh8 18.Rc1 e5 19.dxe5 fxe5 20.Bg5 Bf6 21.Bh6 Bg7 22.Bxg7+
Kxg7 23.Qxd5 {#r} 1-0

[Event "It (open)"]
[Site "Malakoff (France)"]
[Date "2006.04.11"]
[Round "5"]
[White "Lazic Miroljub (SRB)"]
[Black "Cotonnec Melkior (FRA)"]
[Result "1-0"]
[WhiteElo "2465"]
[BlackElo "2232"]

1.c4 Nf6 2.g3 c6 3.Bg2 d5 4.Nf3 g6 5.d4 Bg7 6.O-O O-O 7.cxd5 cxd5 8.Ne5 Ng4
9.Nxg4 Bxg4 10.Nc3 Nc6 11.h3 Be6 12.e4 Nxd4 13.exd5 Bf5 14.Bg5 Re8 15.g4 Bc8
16.Re1 Qd6 17.Re4 e5 18.Qxd4 f5 19.Qb4 Bf8 20.Qxd6 Bxd6 21.Re2 Bd7 22.Bf6 Kf7
23.g5 b5 24.a4 bxa4 25.Nxa4 f4 26.Nc3 {#r} 1-0

[Event "Ch Russia (club) (w)"]
[Site "Sochi (Russia)"]
[Date "2006.04.26"]
[Round "7"]
[White "Meleshko Anna (RUS)"]
[Black "Gromova Iulia (RUS)"]
[Result "1-0"]
[WhiteElo "2169"]
[BlackElo "2235"]

1.d4 Nf6 2.c4 g6 3.Nf3 Bg7 4.g3 O-O 5.Bg2 c6 6.O-O d5 7.cxd5 cxd5 8.Ne5 e6
9.f4 Nfd7 10.Be3 Qb6 11.Qd2 Nc6 12.Bf2 Qb4 13.Nxc6 Qxd2 14.Ne7+ {#r} 1-0

[Event "Ch Croatia (team) (2nd league)"]
[Site "Croatia"]
[Date "2006.04.30"]
[Round "4"]
[White "Marangunic Srdjan (CRO)"]
[Black "Ilic Ognjen (CRO)"]
[Result "1-0"]
[WhiteElo "2394"]
[BlackElo "2219"]

1.Nf3 d5 2.g3 c5 3.Bg2 Nf6 4.O-O g6 5.c3 Bg7 6.d4 cxd4 7.cxd4 O-O 8.Nc3 Nc6
9.Ne5 e6 10.Nxc6 bxc6 11.Na4 Nd7 12.Be3 Ba6 13.Rc1 Rc8 14.Re1 Re8 15.b3 Bf8
16.Rc2 Qa5 17.Bd2 Bb4 18.e4 Bb5 19.Bxb4 Qxb4 20.Nc3 Nf6 21.Qd2 a5 22.Rec1 Red8
23.exd5 cxd5 24.a3 Qxb3 25.Rb2 Qxa3 26.Nxb5 {#r} 1-0

[Event "Ch East of Scotland"]
[Site "Grangemouth (Scotland)"]
[Round "0"]
[White "Campbell Eoin (SCO)"]
[Black "Saxton Gavin (SCO)"]
[Result "1-0"]
[WhiteElo "1928"]
[BlackElo "1902"]

1.Nf3 Nf6 2.c4 g6 3.g3 Bg7 4.Bg2 O-O 5.O-O c6 6.Nc3 d5 7.cxd5 cxd5 8.d4 Nc6
9.Ne5 Be6 10.f4 Qb6 11.e3 Rac8 12.Na4 Qc7 13.Nc5 Nxe5 14.Nxe6 fxe6 15.fxe5 Nd7
16.Bd2 Qb6 17.Bc3 Qa6 18.Qg4 b5 19.Bxd5 exd5 20.Qxd7 e6 21.Bb4 Rfd8 22.Qf7+
Kh8 23.Be7 Rg8 24.Rf6 b4 25.Qxe6 Qxe6 26.Rxe6 Rc2 27.Bf6 Rxb2 28.Rc1 Rxa2
29.Rc7 b3 30.Rxg7 Ra8 31.Rxg6# 1-0

[Event "It (open) \"]
[Site "Berlin (Germany)"]
[Date "2006.05.24"]
[Round "1"]
[White "Koenig Frank (GER)"]
[Black "Le Duc Son"]
[Result "1-0"]
[WhiteElo "2039"]
[BlackElo "1378"]

1.Nf3 c5 2.g3 Nc6 3.Bg2 g6 4.c3 Bg7 5.d4 cxd4 6.cxd4 Nf6 7.O-O O-O 8.Nc3 d6
9.h3 Bd7 10.e4 Rc8 11.Be3 e5 12.Qd2 exd4 13.Nxd4 Nxd4 14.Bxd4 Bc6 15.Rad1 Re8
16.Rfe1 Qc7 17.Rc1 Qa5 18.Qf4 Qd8 19.Rcd1 a6 20.Bxf6 Qxf6 21.Qxf6 Bxf6 22.Rxd6
Be5 23.Rd2 Bxc3 24.bxc3 Bb5 25.e5 Re7 26.Re3 Rec7 27.Bd5 Rd8 28.Bxf7+ Kxf7
29.Rxd8 Rc4 30.Rd4 Rc8 31.a4 Bc6 32.a5 Kg7 33.Red3 {#r} 1-0

[Event "It (open) (b)"]
[Site "Ditzingen (Germany)"]
[Date "2006.05.28"]
[Round "7"]
[White "Volk Werner (GER)"]
[Black "Alke Erhard"]
[Result "1-0"]
[WhiteElo "1998"]
[BlackElo "1783"]

1.Nf3 Nf6 2.c4 c6 3.g3 d5 4.cxd5 cxd5 5.Bg2 Nc6 6.d4 g6 7.O-O Bg7 8.Nc3 O-O
9.a4 a5 10.Nb5 Na7 11.Nxa7 Rxa7 12.Bf4 Nh5 13.Bg5 b6 14.Qb3 h6 15.Be3 Ba6
16.Rfe1 Bc4 17.Qc3 e6 18.g4 Nf6 19.Ne5 Qc8 20.Rac1 Ba6 21.Qd2 Rc7 22.Rxc7 Qxc7
23.Rc1 Qb7 24.Bxh6 Bxe2 25.Bxg7 Kxg7 26.Qxe2 {#r} 1-0

[Event "Memorial Em.Lasker (open)"]
[Site "Barlinek (Poland)"]
[Date "2006.06.05"]
[Round "3"]
[White "Vogel Jaap (NED)"]
[Black "Kolomytchenko Igor (RUS)"]
[Result "1-0"]
[WhiteElo "2248"]
[BlackElo "2046"]

1.Nf3 Nf6 2.g3 d5 3.Bg2 g6 4.d4 Bg7 5.c4 c6 6.cxd5 cxd5 7.Ne5 O-O 8.Nc3 Nc6
9.O-O e6 10.f4 Qb6 11.e3 Rd8 12.g4 Qc7 13.Bd2 Bd7 14.Rc1 Rac8 15.Be1 a6 16.Bg3
Qa5 17.Be1 Qc7 18.Bh4 Rf8 19.Na4 Be8 20.Nc5 Qb6 21.Bxf6 {#r} 1-0

[Event "Tournament (open)"]
[Site "Berdsk (Russia)"]
[Round "6"]
[White "Samkov Maxim (RUS)"]
[Black "Stefanovich Evgeny (RUS)"]
[Result "0-1"]
[WhiteElo "2155"]
[BlackElo "2289"]

1.d4 d5 2.Nf3 Nf6 3.g3 g6 4.Bg2 Bg7 5.O-O O-O 6.c4 c6 7.cxd5 cxd5 8.e4 Nfd7
9.h3 Na6 10.Nc3 Nf6 11.Qd3 Be6 12.Rd1 Qd7 13.Kh2 Rad8 14.b3 Nh5 15.e5 Bf5
16.Qe3 Rc8 17.Bd2 Qe6 18.Ng5 Rxc3 19.Bxc3 Bh6 20.Nxe6 Bxe3 21.Nxf8 Bxf2 22.g4
Be4 23.Bxe4 {#R} 0-1

[Event "It (open)"]
[Site "Sanxenxo (Spain)"]
[Date "2006.07.02"]
[Round "8"]
[White "Bogza Adina-Maria (ROM)"]
[Black "Martin Blanco Fernando (ESP)"]
[Result "1-0"]
[WhiteElo "2308"]
[BlackElo "2171"]

1.Nf3 Nf6 2.g3 d5 3.Bg2 g6 4.O-O Bg7 5.d4 O-O 6.c4 c6 7.cxd5 cxd5 8.Nc3 Ne4
9.Nxe4 dxe4 10.Ng5 Bxd4 11.Nxe4 Qb6 12.Nc3 Nc6 13.Nd5 Qc5 14.Bh6 Rd8 15.Rc1
Qd6 16.Bf4 Be5 17.Bxe5 Nxe5 18.Qa4 Bd7 19.Qh4 Nc6 20.Rfd1 Qe5 21.b4 g5 22.Qe4
Qxe4 23.Bxe4 Kf8 24.Bxh7 f5 25.e4 e6 26.Nf6 Kg7 27.Nxd7 Kxh7 28.exf5 exf5
29.b5 Na5 30.Rc5 Rac8 31.Rxf5 Nc4 32.Rxg5 {#r} 1-0

[Event "Memorial Izmailov (open)"]
[Site "Tomsk (Russia)"]
[Date "2006.07.12"]
[Round "1"]
[White "Korobkin Maxim (RUS)"]
[Black "Zdoima Varvara (RUS)"]
[Result "1-0"]
[WhiteElo "2307"]
[BlackElo "2002"]

1.d4 d5 2.Nf3 Nf6 3.c4 c6 4.Nc3 g6 5.cxd5 cxd5 6.g3 Bg7 7.Bg2 O-O 8.O-O Nbd7
9.Bf4 Nb6 10.Rc1 Nh5 11.Ne5 Nxf4 12.gxf4 Bf5 13.Qb3 e6 14.Rfd1 h5 15.e3 f6
16.Nf3 g5 17.Ne2 Be4 18.Ng3 Bg6 19.Nd2 gxf4 20.exf4 h4 21.Ne2 Bh5 22.Re1 Qd6
23.Bf3 Bg6 24.Bg4 Kf7 25.Qe3 f5 26.Bf3 h3 27.b3 Rac8 28.Bh1 Nd7 29.Nf3 Bf6
30.Ng3 Rh8 31.Re2 Bh5 32.Rxc8 Rxc8 33.Nxh5 {#r} 1-0

[Event "It (open)"]
[Site "Poland"]
[Date "2006.07.25"]
[Round "4"]
[White "Napierala Krzysztof (POL)"]
[Black "Anglart Edward (POL)"]
[Result "1-0"]
[WhiteElo "1943"]
[BlackElo "1905"]

1.Nf3 d5 2.d4 Nf6 3.g3 g6 4.Bg2 Bg7 5.c4 c6 6.cxd5 cxd5 7.Nc3 O-O 8.O-O Nc6
9.Bf4 Nh5 10.Bg5 h6 11.Be3 e6 12.Ne1 a6 13.Nf3 Kh7 14.Bc1 Bd7 15.e4 dxe4
16.Ne5 Ne7 17.Nxe4 Bb5 18.Re1 Qc7 19.a3 Be8 20.Nc5 Nc6 21.Nf3 Rd8 22.Be3 Nf6
23.h3 e5 24.Rc1 Nd5 25.Qb3 exd4 26.Nxd4 Nxe3 27.Nde6 fxe6 28.Nxe6 Qf7 29.Nxf8+
Bxf8 30.Rxe3 Qxb3 31.Rxb3 Na5 32.Rxb7+ Rd7 33.Rb3 {#r} 1-0

[Event "Ch Germany (open) (w)"]
[Site "Bad Koenigshofen (Germany)"]
[Date "2006.08.09"]
[Round "6"]
[White "Von Der Weth-Von Nordheim Petra"]
[Black "Kierzek Mira (MKD)"]
[Result "0-1"]
[WhiteElo "1788"]
[BlackElo "2051"]

1.d4 Nf6 2.g3 g6 3.Bg2 Bg7 4.Nf3 O-O 5.O-O d5 6.c4 c6 7.cxd5 cxd5 8.Nc3 Nc6
9.h3 Qb6 10.e3 Re8 11.Nd2 Be6 12.g4 Rad8 13.f4 a5 14.g5 Nh5 15.f5 Bxf5 16.Nxd5
Rxd5 17.Bxd5 Nxd4 18.Kg2 Nc2 19.Nc4 Qc7 20.Rxf5 Qg3+ 21.Kf1 Qxh3+ 22.Kg1 Qxf5
23.e4 Bd4+ 24.Be3 Nxe3 25.Qxd4 Qg4+ 26.Kf2 Qg3+ 27.Ke2 Nf4+ 28.Kd2 Qf2+ 29.Kc3
{#R} 0-1

[Event "It \"]
[Site "Lausanne (Switzerland)"]
[Date "2006.09.18"]
[Round "3"]
[White "Wang Yue (CHN)"]
[Black "Vachier-Lagrave Maxime (FRA)"]
[Result "0-1"]
[WhiteElo "2644"]
[BlackElo "2579"]

{ } 1.d4 Nf6 2.c4 g6 3.g3 c6 4.Bg2 d5 5.Nf3 Bg7 6.O-O O-O 7.cxd5 cxd5 8.Ne5
Ng4 9.Nxg4 Bxg4 10.Nc3 { = } ( 10.h3 Bd7 11.Nc3 e6 12.b3 Qa5 13.Bb2 Bc6 14.Qd3
Nd7 15.Rfc1 Qb6 16.e3 Rfe8 17.Rc2 f5 18.Rac1 Nf6 19.Na4 Qd8 20.Nc5 Ne4 21.b4
a6 22.Qb3 Nxc5 23.dxc5 Qd7 24.Bxg7 Kxg7 25.Rd2 Kg8 26.h4 a5 27.a3 axb4 28.axb4
Ba4 29.Qb2 Bb5 { ...1-0, Zoler Dan 2526 - Lurie Michael 2287 , Israel 2000 Ch
Israel (team) } ) 10...Nc6 11.Be3 ( 11.h3 Bd7 12.e3 e6 13.Bd2 { 1/2-1/2,
Tukmakov Vladimir B 2600 - Epishin Vladimir 2655 , Rostov on Don 1993 It } )
11...e5 ( 11...Be6 12.Qd2 Qd7 13.Bh6 Bxh6 14.Qxh6 Nxd4 15.Rad1 Nf5 16.Qf4 Rfd8
17.e4 Nd6 18.Nxd5 Bxd5 19.Rxd5 Qa4 20.Rfd1 f6 21.e5 Qxf4 22.gxf4 fxe5 23.fxe5
Nf7 24.Rd7 Kf8 25.Bxb7 Rxd7 26.Rxd7 Nxe5 27.Rc7 Rd8 28.Be4 Rd4 29.f3 Ra4 30.a3
Kf7 31.Kf2 { ...1/2-1/2, Seibold Hubert Dr 2335 - Riefner Edwin 2251 , Germany
2001 Bayern Oberliga 2001/02 } ) ( 11...Qd7 12.Qd2 Bh3 13.Rfd1 Bxg2 14.Kxg2
Rfc8 15.f3 e6 16.Bf2 { 1/2-1/2, Bern Ivar 2395 - Westerinen Heikki M J 2390 ,
Stavanger 1992 It (open) } ) 12.dxe5 { N } ( 12.Nxd5 exd4 ( 12...Nxd4 13.Re1 {
-0.18 CAP } ) 13.Bc1 Re8 14.Re1 Rc8 15.h3 Bf5 16.a3 Qd7 17.Kh2 Be4 18.Nf4 Bxg2
19.Kxg2 Ne5 20.Nd3 Nc4 21.Bd2 Qb5 22.Rb1 h5 23.h4 Re4 24.Bf4 Rce8 25.Qc2 Nb6
26.Rbd1 Nd5 27.Bc1 b6 28.Kf1 Qd7 29.Nf4 Nxf4 30.Bxf4 Bf6 31.Qd2 Bxh4 { ...0-1,
Malakhov Vladimir 2670 - Mamedyarov Shakhriyar 2674 , Sant Lluis 4. 9.2005 Ch
Spain (team) (Honor 2) } ) 12...d4 13.Bxc6 dxc3 14.Bxb7 { -0.80 CAP } 14...Rb8
15.Be4 cxb2 16.Rb1 Qxd1 17.Rfxd1 Bxe5 18.Bxa7 Rbd8 19.Bd3 Ra8 20.f4 Bc3 21.Be3
Rxa2 22.Kf2 Rd8 23.Bb6 Rda8 24.Bc2 { ?! } ( 24.Bc7 { !? } 24...f6 25.Be4 Kg7
26.Rd3 Re8 27.Rxc3 Rxe4 28.Rc2 Rb4 29.Bd6 Rb7 30.e4 Kf7 { } ) 24...Ra1 25.Be4
Bf5 26.Bxa8 Rxb1 27.Rd8+ Kg7 28.Bc5 Rf1+ 29.Kxf1 b1=Q+ 30.Kg2 Be4+ { } {#R}
0-1

[Event "Ch Montenegro (team)"]
[Site "Herceg Novi (Montenegro)"]
[Date "2006.09.22"]
[Round "1"]
[White "Vih Antun (MNE)"]
[Black "Kokeza Mirko (SRB)"]
[Result "0-1"]
[WhiteElo "2191"]
[BlackElo "2266"]

1.d4 Nf6 2.Nf3 g6 3.c4 Bg7 4.g3 O-O 5.Bg2 c6 6.O-O d5 7.cxd5 cxd5 8.Nc3 Nc6
9.Ne5 e6 10.f4 Nd7 11.Be3 f6 12.Nd3 Nb6 13.Bf2 f5 14.e3 Nc4 15.h3 Kh8 16.b3
Nd6 17.Rc1 Bd7 18.g4 Rc8 19.Ne5 Qe7 20.Be1 Rfd8 21.Rf2 Bf8 22.Bf3 Rc7 23.Bxd5
Nxe5 24.fxe5 exd5 25.exd6 Qxd6 26.Qf3 Bc6 27.Rg2 {#R} 0-1

[Event "Bundesliga B East 2006/07"]
[Site "Austria"]
[Date "2006.10.06"]
[Round "1"]
[White "Roehrl Karl (AUT)"]
[Black "Kleiser Gregor (AUT)"]
[Result "0-1"]
[WhiteElo "2307"]
[BlackElo "2276"]

1.d4 Nf6 2.Nf3 g6 3.g3 Bg7 4.Bg2 O-O 5.O-O d5 6.c4 c6 7.cxd5 cxd5 8.Nc3 e6
9.Ne5 Nfd7 10.Nxd7 Bxd7 11.e3 Nc6 12.Bd2 Rc8 13.Rc1 Na5 14.b3 b6 15.Qe2 Nb7
16.Qa6 Nd6 17.Qa3 Bc6 18.Rfd1 Qd7 19.Bf1 Rfd8 20.Qa6 Bf8 21.a4 Bb7 22.Qxa7 Rc6
23.Bb5 Nc8 24.Qb8 Bd6 25.Nxd5 exd5 {#R} 0-1

[Event "It (open)"]
[Site "Goch (Germany)"]
[Date "2006.10.15"]
[Round "7"]
[White "Schorr Joerg (GER)"]
[Black "Heimburger Horst (GER)"]
[Result "1-0"]
[WhiteElo "2031"]
[BlackElo "1544"]

1.Nf3 d5 2.g3 Nf6 3.Bg2 g6 4.O-O Bg7 5.c4 c6 6.cxd5 cxd5 7.d4 O-O 8.Nc3 b6
9.Qb3 Bb7 10.Ne5 e6 11.Bg5 h6 12.Bf4 Nc6 13.Rfd1 Qe7 14.Rac1 Nxe5 15.Bxe5 Nh7
16.Nb5 Bxe5 17.dxe5 Rfc8 18.Rxc8+ Rxc8 19.Nxa7 {#r} 1-0

[Event "Ch Bulgaria (team) (juniors) (under 18)"]
[Site "Razgrad (Bulgaria)"]
[Date "2006.11.10"]
[Round "4"]
[White "Vasilev Plamen (BUL)"]
[Black "Kirov Dimitar (BUL)"]
[Result "1-0"]
[WhiteElo "2049"]
[BlackElo "2123"]

1.d4 d5 2.Nf3 Nf6 3.g3 g6 4.Bg2 Bg7 5.O-O O-O 6.c4 c6 7.Nc3 Ne4 8.cxd5 cxd5
9.Ne5 f6 10.Nd3 Nc6 11.Nf4 e6 12.Bxe4 dxe4 13.d5 exd5 14.Nfxd5 Re8 15.Nb5 Bh3
16.Bf4 g5 17.Bc7 Qd7 18.Qb3 Be6 19.Rfd1 a6 20.Nd6 Rf8 21.Qb6 f5 22.Nc3 Qe7
23.Nxb7 Ne5 24.Bd6 Qd7 25.Bxf8 Rxf8 26.Nd8 {#r} 1-0

[Event "It (open)"]
[Site "Lugano (Switzerland)"]
[Date "2006.11.19"]
[Round "4"]
[White "Cucchiani Claudio (SUI)"]
[Black "Dragojlovic Andjelko (SRB)"]
[Result "0-1"]
[WhiteElo "2060"]
[BlackElo "2383"]

1.d4 g6 2.c4 Nf6 3.g3 c6 4.Bg2 d5 5.cxd5 cxd5 6.Nf3 Bg7 7.Nc3 O-O 8.O-O Ne4
9.Nxe4 dxe4 10.Ne5 Qd5 11.b3 Bxe5 12.dxe5 Qxe5 13.Bf4 Qe6 14.Bh6 Re8 15.Qd4
Qf6 16.Qe3 Bf5 17.f3 exf3 18.Bxf3 Qa6 19.Bd5 Nd7 20.g4 Be6 21.Qd4 Qb6 22.Qxb6
axb6 23.Bxb7 Ra7 24.Bf3 Ne5 25.h3 Nxf3+ 26.exf3 Rea8 27.Rfd1 Bxb3 28.Rd3 Bc4
29.Rd4 b5 30.Rad1 f6 31.Rd7 Kf7 32.Be3 Rxd7 33.Rxd7 Rxa2 34.Bc5 Re2 {#R} 0-1

[Event "Bundesliga B Mitte 2006/07"]
[Site "Austria"]
[Date "2006.11.25"]
[Round "3"]
[White "Shengelia Davit (AUT)"]
[Black "Neubauer Martin (AUT)"]
[Result "1-0"]
[WhiteElo "2504"]
[BlackElo "2489"]

1.d4 Nf6 2.g3 d5 3.Bg2 g6 4.c4 c6 5.cxd5 cxd5 6.Nc3 Bg7 7.Nf3 O-O 8.Ne5 e6
9.O-O Nfd7 10.f4 Nc6 11.b3 Qb6 12.e3 f6 13.Nxd5 exd5 14.Bxd5+ Kh8 15.Nxg6+
hxg6 16.Qg4 Kh7 17.f5 Nce5 18.fxg6+ Nxg6 19.Qh5+ Bh6 20.e4 Qxd4+ 21.Kh1 {#r}
1-0

[Event "Bayern Landesliga South 2006/07"]
[Site "Bayern (Germany)"]
[Date "2006.12.10"]
[Round "4"]
[White "Herb Stefan (GER)"]
[Black "Holl Andreas (GER)"]
[Result "0-1"]
[WhiteElo "2160"]
[BlackElo "2174"]

1.Nf3 d5 2.c4 c6 3.g3 Nf6 4.Bg2 g6 5.O-O Bg7 6.cxd5 cxd5 7.d4 O-O 8.Nc3 e6
9.Ne5 Nfd7 10.f4 Nxe5 11.fxe5 Nc6 12.e4 Qb6 13.exd5 Qxd4+ 14.Qxd4 Nxd4 15.Bg5
Bxe5 16.Rae1 f6 17.Bh6 Rf7 18.Re4 Nf5 19.Bc1 Bd4+ 20.Kh1 e5 21.Nb5 Bb6 22.g4
Bd7 23.gxf5 Bxb5 24.fxg6 hxg6 25.Rd1 Bd7 26.Bf1 Rh7 27.a4 Kg7 28.Bb5 Bf5
29.Rc4 a6 30.Bxa6 bxa6 31.d6 Bd4 {#R} 0-1

[Event "It (c)"]
[Site "Vladimir (Russia)"]
[Date "2006.12.19"]
[Round "8"]
[White "Redko Stepan (BLR)"]
[Black "Belous Vladimir (RUS)"]
[Result "0-1"]
[WhiteElo "2228"]
[BlackElo "2251"]

1.d4 Nf6 2.c4 g6 3.Nc3 Bg7 4.g3 O-O 5.Bg2 c6 6.Nf3 d5 7.cxd5 cxd5 8.Ne5 Nc6
9.Nxc6 bxc6 10.O-O Bf5 11.Na4 Nd7 12.b3 Re8 13.Bb2 h5 14.Rc1 Rc8 15.Qd2 e5
16.dxe5 Nxe5 17.Bd4 Qe7 18.Nc5 Kh7 19.Qc3 f6 20.Rfe1 Qd6 21.Rcd1 Nf7 22.e4
dxe4 {#R} 0-1

[Event "It (open)"]
[Site "Nantes (France)"]
[Date "2006.12.28"]
[Round "5"]
[White "Martinez Jean-Philippe (FRA)"]
[Black "Le Ruyet Leopold (FRA)"]
[Result "1-0"]
[WhiteElo "2072"]
[BlackElo "2011"]

1.Nf3 Nf6 2.c4 g6 3.g3 Bg7 4.Bg2 O-O 5.O-O c6 6.d4 d5 7.cxd5 cxd5 8.Ne5 Nc6
9.Nc3 Bf5 10.Nxc6 bxc6 11.Na4 Nd7 12.Be3 e5 13.Rc1 Rc8 14.dxe5 Nxe5 15.Bxa7
Ng4 16.Bd4 Bh6 17.Rc3 Qg5 18.h3 Qh5 19.hxg4 Bxg4 20.Bf3 Bxf3 21.exf3 f5 22.f4
{#r} 1-0

[Event "Tournament (c)"]
[Site "Moscow (Russia)"]
[Date "2007.02.01"]
[Round "1"]
[White "Chesnokov Veniamin (RUS)"]
[Black "Gerasimova Olga (RUS)"]
[Result "0-1"]
[WhiteElo "1914"]
[BlackElo "2310"]

1.d4 Nf6 2.Nf3 g6 3.c4 Bg7 4.g3 c6 5.Bg2 O-O 6.O-O d5 7.cxd5 cxd5 8.Nc3 Ne4
9.Qb3 Nc6 10.e3 Nxc3 11.Qxc3 Bf5 12.Bd2 Be4 13.Ne5 Bxe5 14.f3 Bxd4 15.exd4 Bf5
16.g4 Be6 17.Qd3 Qb6 18.Bc3 Bd7 19.Rad1 e5 20.Kh1 exd4 21.Bxd4 Qxd4 22.Qxd4
Nxd4 23.Rxd4 Be6 24.h3 Rac8 25.f4 Rc2 26.f5 Bd7 27.Bxd5 Rxb2 28.fxg6 hxg6
29.Rxf7 Rxf7 30.Bxf7+ Kxf7 31.Rxd7+ Ke6 32.Rc7 Rxa2 33.Rxb7 g5 34.Kg1 a5 {#R}
0-1

[Event "Bayern Landesliga South 2006/07"]
[Site "Bayern (Germany)"]
[Date "2007.02.04"]
[Round "5"]
[White "Stoer Andreas (GER)"]
[Black "Baldauf Marco (GER)"]
[Result "0-1"]
[WhiteElo "2178"]
[BlackElo "2236"]

1.c4 Nf6 2.Nf3 g6 3.g3 Bg7 4.Bg2 c6 5.O-O O-O 6.Nc3 d5 7.cxd5 cxd5 8.d4 b6
9.Ne5 Bb7 10.Qa4 e6 11.Bg5 h6 12.Bxf6 Qxf6 13.e4 dxe4 14.Nxe4 Qe7 15.Rac1 Rd8
16.Qa3 Qxa3 17.bxa3 Bd5 18.Rc7 Na6 19.Rc2 Rac8 20.Rfc1 Rxc2 21.Rxc2 Bxe4
22.Bxe4 Rxd4 23.Rc8+ Kh7 24.Bb7 Nc5 25.Nf3 Rd1+ 26.Kg2 Nxb7 27.Rc7 Nc5 28.Rxf7
Rd7 29.Rf4 Rd3 {#R} 0-1

[Event "It (open)"]
[Site "Moscow (Russia)"]
[Date "2007.02.04"]
[Round "9"]
[White "Yuganova Marina (RUS)"]
[Black "Gvilava Maya (RUS)"]
[Result "1-0"]
[WhiteElo "1954"]
[BlackElo "2076"]

1.c4 Nf6 2.Nc3 g6 3.Nf3 Bg7 4.g3 O-O 5.Bg2 c6 6.O-O d5 7.cxd5 cxd5 8.d4 Nc6
9.Bf4 Qb6 10.b3 Bg4 11.Ne5 Be6 12.e3 Qa5 13.Nxc6 bxc6 14.Rc1 Rfc8 15.Na4 Nd7
16.a3 h6 17.h4 f6 18.g4 Bf7 19.b4 Qd8 20.Nc5 e5 21.Bg3 a5 22.Nb7 Qb6 23.Nxa5
exd4 24.Qxd4 c5 25.Qd2 Qe6 26.Rfd1 Qxg4 27.Bxd5 Ne5 28.Bxf7+ Kxf7 29.Qd5+ Kf8
30.Kg2 cxb4 31.Rxc8+ Rxc8 32.Rd4 Qf5 33.axb4 Rc1 34.Nb7 {#r} 1-0